Detalles MARC
| 000 -LEADER |
| fixed length control field |
01987nam a2200421 a 4500 |
| 005 - FECHA ULTIMA MODIFICACION |
| control field |
20240503095908.0 |
| 008 - CAMPO DE CONTROL (LIBRO) |
| fixed length control field |
141204s1999||||sp a f |||| 000 0 spa d |
| 020 ## - INTERNATIONAL STANDARD BOOK NUMBER |
| ISBN |
9879758307 |
| 041 ## - CODIGO DE IDIOMA |
| Código de idioma del texto/pista de sonido o título separado |
spa |
| 092 ## - SIGNATURA TOPOGRAFICA DEWEY LOCAL |
| número de clasificación |
616.203 |
| libristica |
85 |
| sección |
TYR |
| 100 1# - ENTRADA PRINCIPAL--NOMBRE PERSONAL |
| Nombre personal |
Tyrrel, D. A. J. |
| Función |
Editor |
| 9 (RLIN) |
3693 |
| 245 #3 - TITULO PROPIAMENTE DICHO |
| Título |
La gripe y el resfrio, clínica y tratamiento. |
| Subtítulo y Título paralelo |
Manual de práctica profesional / |
| Mención de responsabilidad y remanente de la transcripción de la portada |
D. A. J. Tyrrel |
| 250 ## - MENCION DE EDICION |
| Mención de edición |
1a ed. |
| 260 ## - PIE DE IMPRENTA |
| Lugar de publicación, distribución, etc |
Buenos Aires: |
| Nombre de la editorial, distribuidor, etc |
[S/E]; |
| Fecha de publicación |
1999. |
| 300 ## - DESCRIPCION FISICA |
| Extension |
245 p. |
| 500 ## - NOTA GENERAL |
| Nota general |
Tyrrel, D. A. J. (1999). La gripe y el resfrío. Clínica y tratamiento. (1a ed.). Buenos Aires : S/E. |
| 653 ## - TÉRMINO INDIZADO - PALABRAS CLAVES |
| Palabra clave |
Anatomía y fisiología de las vías respiratorias altas |
| 653 ## - TÉRMINO INDIZADO - PALABRAS CLAVES |
| Palabra clave |
Virus- Panorama general |
| 653 ## - TÉRMINO INDIZADO - PALABRAS CLAVES |
| Palabra clave |
Mecanismos de transmisión del resfrio común |
| 653 ## - TÉRMINO INDIZADO - PALABRAS CLAVES |
| Palabra clave |
Estudios psicológicos acerca del resfrío común |
| 653 ## - TÉRMINO INDIZADO - PALABRAS CLAVES |
| Palabra clave |
Mecanismos inmunológicos |
| 653 ## - TÉRMINO INDIZADO - PALABRAS CLAVES |
| Palabra clave |
Morfología del resfrío común |
| 653 ## - TÉRMINO INDIZADO - PALABRAS CLAVES |
| Palabra clave |
Congestión nasal y síntomas de los oidos y senos paranasales |
| 653 ## - TÉRMINO INDIZADO - PALABRAS CLAVES |
| Palabra clave |
Secreción nasal |
| 653 ## - TÉRMINO INDIZADO - PALABRAS CLAVES |
| Palabra clave |
Dolor de garganta, dolor de cabeza y fiebre |
| 653 ## - TÉRMINO INDIZADO - PALABRAS CLAVES |
| Palabra clave |
Fisiopatología de la tos |
| 653 ## - TÉRMINO INDIZADO - PALABRAS CLAVES |
| Palabra clave |
Nasofaringitis aguda (resfrío común) en la población pediátrica |
| 653 ## - TÉRMINO INDIZADO - PALABRAS CLAVES |
| Palabra clave |
Síndromes de las vías respiratorias bajas y resfrío común en la población pediátrica |
| 653 ## - TÉRMINO INDIZADO - PALABRAS CLAVES |
| Palabra clave |
Naturopatía y terapia médica no convencional en el tratamiento del resfrío común |
| 653 ## - TÉRMINO INDIZADO - PALABRAS CLAVES |
| Palabra clave |
Tratamiento farmacológico: aceites esenciales en el tratamiento del resfrío común |
| 653 ## - TÉRMINO INDIZADO - PALABRAS CLAVES |
| Palabra clave |
Síntomas nasales: medicamentos descongestivps |
| 653 ## - TÉRMINO INDIZADO - PALABRAS CLAVES |
| Palabra clave |
Tos: medicamentos antitusígenos. Medicamentos mucolíticos |
| 653 ## - TÉRMINO INDIZADO - PALABRAS CLAVES |
| Palabra clave |
Dolor de cabeza y fiebre: uso de los medicamentos analgésicos antipiréticos en las infecciones del tracto respiratorio alto |
| 653 ## - TÉRMINO INDIZADO - PALABRAS CLAVES |
| Palabra clave |
Uso de antibióticos en el resfrío común |
| 653 ## - TÉRMINO INDIZADO - PALABRAS CLAVES |
| Palabra clave |
Tratamiento del resfrio común |
| 653 ## - TÉRMINO INDIZADO - PALABRAS CLAVES |
| Palabra clave |
Vacunación y nuevos enfoques |
| 942 ## - ADDED ENTRY ELEMENTS (KOHA) |
| Source of classification or shelving scheme |
Dewey Decimal Classification |
| Item type |
Libros |
| Koha issues (borrowed), all copies |
1 |